000 00421cam a2200169ua 4500
041 _aeng
_h
082 _a823.301
_bPET/PE
100 _aPetrie, David .
245 _aPeoples of the desert /
_cDavid Petrie.
_hTextual Documents
250 _a1 /
_b.
260 _aLondon :
_bOxford University Press ,
_c1964.
300 _a31 ; .
504 _a
700 1 _aLavers, Ralph .
942 _cBK
999 _c12703
_d12703